| 000 | 00353nam a2200133Ia 4500 | ||
|---|---|---|---|
| 008 | 220216s9999 xx 000 0 und d | ||
| 100 | _aGeddes W C | ||
| 245 | 0 | _aMechanism of PVC degradation (1967 reviews) | |
| 260 |
_bRubber Chemistry and Technology _c1967 |
||
| 300 | _a178-216 | ||
| 650 | _a1967 reviews | ||
| 650 | _aPVC degradation | ||
| 942 | _cJS | ||
| 999 |
_c62773 _d62773 |
||